Central Library OPAC University of Rajshahi

The Sea Customs & 12 other acts, as amended up to January, 1967 (Record no. 79833)

MARC details
000 -LEADER
fixed length control field 00772nam a2200253 a 4500
001 - CONTROL NUMBER
control field 79833
003 - CONTROL NUMBER IDENTIFIER
rucl marc code BD-RjUL
005 - DATE AND TIME OF LATEST TRANSACTION
control field 20220523115856.0
008 - FIXED-LENGTH DATA ELEMENTS--GENERAL INFORMATION
fixed length control field 220523s1967 bg |||| s 00| ||eng c
035 ## - SYSTEM CONTROL NUMBER
System control number (BD-RjUL)79833
040 ## - CATALOGING SOURCE
Modifying agency BD-RjUL
Language of cataloging eng
Original cataloging agency BD-RjUL
Transcribing agency BD-RjUL
041 ## - LANGUAGE CODE
Language code of text/sound track or separate title eng
082 ## - DEWEY DECIMAL CLASSIFICATION NUMBER
Edition number 23
Classification number 336.26
Author mark and year CHS 1967
100 1# - MAIN ENTRY--PERSONAL NAME
Personal name Chaudhury, Obaidul Huq
9 (RLIN) 160139
245 14 - TITLE STATEMENT
Title The Sea Customs & 12 other acts, as amended up to January, 1967
Statement of responsibility, etc. Obaidul Huq Chaudhury
250 ## - EDITION STATEMENT
Edition statement 3rd ed.
260 ## - PUBLICATION, DISTRIBUTION, ETC. (IMPRINT)
Place of publication, distribution, etc. Dacca :
Name of publisher, distributor, etc. The Dacca law reports office,
Date of publication, distribution, etc. 1967
300 ## - PHYSICAL DESCRIPTION
Pagination 462 p. :
Size 22cm.
500 ## - GENERAL NOTE
General note Includes index.
650 #0 - SUBJECT ADDED ENTRY--TOPICAL TERM
Topical term or geographic name as entry element Customary law
Geographic subdivision Pakistan
9 (RLIN) 155596
Topical term or geographic name as entry element Citizenship
Geographic subdivision Pakistan
9 (RLIN) 128849
Topical term or geographic name as entry element Aliens
Geographic subdivision Pakistan
9 (RLIN) 155597
942 ## - ADDED ENTRY ELEMENTS (KOHA)
Source of classification or shelving scheme Dewey Decimal Classification
Koha item type Books
Holdings
Lost status Source of classification or shelving scheme Damaged status Not for loan Collection code Permanent Location Current Location Shelving location Date acquired Source of acquisition Cost, normal purchase price Total Checkouts Full call number Date last seen Copy number Koha item type
  Dewey Decimal Classification   Not For Loan Non-fiction Central Library, University of Rajshahi Central Library, University of Rajshahi Reading Room 23/08/1968 Paramount 19.00   336.26 CHS 1967 23/05/2022 C-1 Books